| 000 | 00000nam 2200000za 4500 |
| 001 | 9.830747 |
| 003 | CaOODSP |
| 005 | 20250403105834 |
| 007 | cr ||||||||||| |
| 008 | 170117i19071910oncao #os f000 0 fre d |
| 040 | |aCaOODSP|bfre |
| 041 | |aeng|afre |
| 043 | |an-cn--- |
| 086 | 1 |aCS98-1901P-1-PDF|zCS98-1901P-1 |
| 245 | 00|a[Bulletin I-X] |h[ressource électronique] / |cCensus and Statistics. |
| 246 | 3 |aBulletin [Recensement de l'agriculture] |
| 246 | 12|aCensus and Statistics bulletin I, Wage-earners by occupations |
| 246 | 15|aRecensement et statistiques, bulletin I, Employés à gages par occupations |
| 260 | |aOttawa : |b[Bureau du recensement et des statistiques], |c1907-1910. |
| 300 | |a10 v. in 1 (en pag. mulltiple) |
| 490 | 1 |aBulletin ; |vI-X |
| 500 | |aTitre du catalogueur. Sans p. de t. collective. |
| 500 | |aEn majeure partie des tableaux. |
| 500 | |aPublication du recensement historique numérisée en 2009 [par Statistique Canada]. |
| 505 | 0 |aI. Wage-earners by occupations -- I. Employés à gages par occupations -- II. Manufactures of Canada -- II. Industries du Canada -- III. Farm land field crops and live stock of the Maritime Province -- IV. Farm land field crops and live stock of the Province of Ontario -- V. Agricultural census of Ontario, Quebec and the Maritime Provinces 1907 -- V. Recensement agricole d'Ontario, de Québec et des provinces Maritimes, 1907 -- VI. Immigrants of the agricultural class in the Northwest provinces -- VI. Immigrés de la classe agricole dans les provinces du Nord-Ouest -- VII. Dairy production 1907 -- VI. Industrie laitière en 1907 -- VIII. Longevity and sanitation -- VIII. Longévité et hygiene -- IX. The beet sugar industry -- X. Real estate owned in Canada -- X. Propriété immobilière au Canada. |
| 520 | |aBulletins du Bureau du recensement et des statistiques. Le Bulletin I, Employés à gages du Canada, et le Bulletin X, Propriété immobilière au Canada, ont été établis à partir des données du rencensement de 1901. Les renseignements compiles pour Le Bulletin II, Industries du Canada, ont été obtenus par correspondence au cours de l'année 1906 et cette enquête par correspondence était la premère du genre au Canada -- une method qui a été adoptee dans les prochains bulletins. |
| 546 | |aTexte en anglais et en français. Texte en français suit le texte anglais. |
| 692 | 07|2gccst|aRencensement |
| 710 | 1 |aCanada.|bBureau du recensement et de la statistique. |
| 710 | 2 |aStatistique Canada. |
| 740 | 02|aEmployés à gages par occupations |
| 740 | 02|aIndustries du Canada |
| 740 | 02|aRecensement agricole d'Ontario, de Québec et des provinces Maritimes, 1907 |
| 740 | 02|aImmigrés de la classe agricole dans les provinces du Nord-Ouest |
| 740 | 02|aIndustrie laitière en 1907 |
| 740 | 02|aLongévité et hygiene |
| 740 | 42|aPropriété immobilière au Canada. |
| 791 | |t[Bulletins I-X] |eeng|w(CaOODSP)9.830739 |
| 830 | #0|aBulletin (Canada. Bureau du recensement et statistique)|v1-10|w(CaOODSP)9.830619 |
| 856 | 40|qPDF|s24.39 Mo|uhttps://publications.gc.ca/collections/collection_2017/statcan/CS98-1901P-1.pdf |